000 05039nam a2200445 a 4500
001 dia_6058
003 CHAP
005 20250409130314.0
007 ta
008 220117s2005 mx db frm 001 0 spa d
010 _a177265
040 _cCHAP
_amxchpua
041 0 _aspa
_beng
090 _aTesis
_bC67
_c2005
100 1 _aCortés Sánchez, Idalia
245 1 0 _aNormatividad a cumplir en cuanto a inocuidad alimentaria en las empresas TIF que operan en Yucatán, México /
_cIdalia Cortés Sánchez
264 _aChapingo, México :
_bEl autor,
_c2005
300 _av, 57 hojas :
_bmapas, gráficas, tablas
336 _2rdacontent
_atexto
_btxt
337 _2rdamedia
_ano mediado
_bn
338 _2rdacarrier
_avolumen
_bnc
502 _aTesis
_b(Ingeniero Agrónomo Especialista en Zootecnia) --
_cUACh, Departamento de Enseñanza, Investigación y Servicio en Zootecnia,
_d2005
504 _aBibliografía: hojas 41-43
520 3 _aLa mayor inquietud en todos los países en la actualidad es tener acceso a alimentos sanos, inocuos y de buena calidad. Muchos de los productos mexicanos han alcanzado altos niveles de calidad en sus procesos pero sobre todo el reconocimiento en grandes mercados. Sin embargo, falta prestar mayor atención al aspecto de inocuidad, principalmente en productos de origen animal. Por lo anterior en el presente estudio se analizó a través de encuestas aplicadas a gerentes y representantes de los rastros TIF ubicados en el estado de Yucatán, la normatividad que se requiere para poder implementar sistemas de inocuidad alimentaria, y su adopción, así como los problemas y los beneficios asociados al emplear este tipo de sistemas que certifican la seguridad y calidad alimentaria. Las empresas TIF encuestadas, se dedican a procesos como corte, deshuese y embutidos. En el 100% de ellas se aplica los Procedimientos de Operación Estándar de Sanitización (POE's). No obstante, las Buenas Prácticas de Manufactura, residuos tóxicos y el sistema HACCP (Hazard Analysis Critical and Control Points), están implementados en al menos 50% de las empresas. Cabe remarcar que el HACCP se encuentra instalado en 33% del total de las empresas. Esta característica permite que dichas empresas tengan la habilidad de exportar a países como Japón, Cuba y Corea. Se puede concluir que la adopción de este sistema es un incentivo importante para que el resto de empresas lo implementen en sus plantas. Sólo 17% de empresas se encontraban sin planes de adoptar el HACCP y se debe principalmente a que implica un gasto excesivo. Sin embargo, la implementación progresiva favorecerá a las empresas TIF del Estado de Yucatán.
520 3 _aOne of the major concerns of most countries nowadays is to have access to nutritional, innocuous and high quality food. Many Mexican products have attained high levels of quality and, are therefore, well accepted in the international trade. However, it is necessary to pay closer attention innocuousness; especially in animal products. Therefore, in this research, an analysis of the norms necessary for the implementation of alimentary innocuousness systems or programs and their adoption is made. The benefits, as well as the problems, associated with the implementation of these types of programs, which assure and certify food, were also analyzed. The analyses were made by surveys to managers and representatives of the TIF (Federal Inspection Type) in Yucatan. The different TIF industries surveyed were dedicated to commercial meat cuttings, deboning and sausage making. In all these companies, the basic Sanitization and Cleaning Program (POE´s) was followed. Furthermore, the Good Manufacturing Practices, toxic residues and the HACCP (Hazard Analysis Critical and Control Points) programs were found in at least 50% of the industries. The HACCP was implemented in 33% of the companies. One of which exported to Japan, Corea and Cuba. This is, therefore, a good incentive for owners to implement the program in their companies. Only 17% were not planning on adopting the HACCP program because of the high investment required. However, the progressive implementation will be advantageous for the TIF companies of Yucatan.
650 1 3 _aMataderos
_xARPCC
_2atg
650 1 3 _aMataderos
_xCalidad de carne
_2atg
_zMéxico
_zYucatán
650 1 3 _aMataderos
_xProcedimientos operativos estandarizados de saneamiento
_2atg
650 1 3 _aSlaughterhouses
_xBeef quality
_2atg
_zMexico
_zYucatán
650 1 3 _aSlaughterhouses
_xHACCP
_2atg
650 1 3 _aSlaughterhouses
_xSanitation standard operating procedures
_2atg
700 1 _aMaldonado Simán, Ema de Jesús
_edirectora
700 1 _aCopado Bueno, José Ma. Fernando
_easesor
700 1 _aMartínez Hernández, Pedro Arturo
_easesor
856 4 1 _uhttp://10.13.5.2/tesis/103346.pdf
_yDESCRGAR PDF
901 _aTESIS C67 2005
902 _aM
905 _a5232272005 mx nm 8223123322spa16
942 _cTESIS
_2Clasificación Universidad Autónoma Chapingo
999 _c177265
_d177265